000 00449cam a2200169u 4500
001 unk82026724
003 DLC
005 20260227112759.0
008 830111s1923 pauab 000 0 eng
010 _aunk82026724
040 _aDLC
_cCarP
_dDLC
050 0 0 _aF566
_b.D26
100 1 _aDavis, Darrell Haug,
_d1879-
245 1 0 _aGeography of Michigan...
260 _a[Philadelphia,
_cc1923]
300 _a1 p.
_bl., 41 p. illus. (incl. maps)
_c25 cm.
999 _c91372
_d91372